000 00502nam a2200205Ia 4500
008 170918s9999 xx 000 0 und d
020 _a9781842054109
050 _bK553 2004
100 _aKingsley, Charles
245 4 _aThe water babies :
245 _ba fairy tale for a land-baby /
245 _cCharles Kingsley.
260 _aNew York :
260 _bScholastic,
260 _c2004
300 _a160 pages :
300 _bcolored illustration ;
300 _c20cm.
500 _a1070
999 _c342371
_d342371